000 00338nam a2200133Ia 4500
008 100328s9999 xx 000 0 und d
082 _b27889
100 _aबनहट्टी राजेंद्र
245 _aअवेळ
260 _bविशाखा
630 _aअवेळ
730 _aअवेळ
942 _cBOOK
999 _c519575
_d519572